| 000 | 00523nam a2200217Ia 4500 | ||
|---|---|---|---|
| 003 | OSt | ||
| 005 | 20230403101625.0 | ||
| 008 | 210423s2007 xx 000 0 und d | ||
| 020 | _a324366000 | ||
| 040 | _cAL | ||
| 041 | _aeng | ||
| 082 |
_a657 REEJ _223 |
||
| 100 |
_aREEVE (James M);others. _982194 |
||
| 245 | _aPrinciples of accounting. | ||
| 250 | _a22 | ||
| 260 |
_aAustralia _bThomson _c2007 |
||
| 300 |
_axxxi,1176,I-16 _bPB |
||
| 365 |
_b595 _cINR |
||
| 906 | _aaccounting. ; Principles | ||
| 942 |
_2ddc _cBK |
||
| 999 |
_c158544 _d158544 |
||